000
00298nam a2200145Ia 4500
100
_a
Mould/ Clifford
942
_c
BK
654
_a
unix
245
_a
Unix Training Guide
260
_b
Wheeler and Co.
_c
1991
082
_a
005.133'U'
_b
MOU
300
_a
113
546
_a
ENGLISH
999
_c
25686
_d
25686